[Event "Barcelona Sants op 16th"]
[Site "Barcelona"]
[Date "2014.08.27"]
[Round "6"]
[White "Sanchez Lopez, Juan Manuel"]
[Black "Peelen, Piet"]
[Result "0-1"]
[WhiteElo "2111"]
[BlackElo "2303"]
[PlyCount "42"]
[EventDate "2014.08.22"]
[EventType "swiss"]
[EventRounds "10"]
[EventCountry "ESP"]
[SourceTitle "CBM 162 Extra"]
[Source "ChessBase"]
[SourceDate "2014.10.17"]
[SourceVersion "1"]
[SourceVersionDate "2014.10.17"]
[SourceQuality "1"]

1. c4 e6 2. e4 c5 3. Nc3 Nc6 4. g3 Nf6 5. Bg2 d5 6. exd5 exd5 7. Qe2+ Be7 8. Nxd5 Nxd5 9. Bxd5 Nd4 10. Qd3 Bf5 11. Be4 Bxe4 12. Qxe4 f5 13. Qd3 Qd6 14. f3 f4 15. Kf2 0-0 16. b3 Qh6 17. Kg2 Rad8 18. Qe4 Rfe8 19. d3 Bg5 20. gxf4 Rxe4 21. fxg5 Rg4+ 0-1

[Event "Barcelona Sants op 16th"]
[Site "Barcelona"]
[Date "2014.08.25"]
[Round "4"]
[White "Mayr, Florian"]
[Black "Peelen, Piet"]
[Result "1/2-1/2"]
[WhiteElo "2103"]
[BlackElo "2303"]
[PlyCount "85"]
[EventDate "2014.08.22"]
[EventType "swiss"]
[EventRounds "10"]
[EventCountry "ESP"]
[SourceTitle "CBM 162 Extra"]
[Source "ChessBase"]
[SourceDate "2014.10.17"]
[SourceVersion "1"]
[SourceVersionDate "2014.10.17"]
[SourceQuality "1"]

1. c4 Nf6 2. Nc3 d5 3. d4 g6 4. Bf4 Bg7 5. Nf3 0-0 6. cxd5 Nxd5 7. Nxd5 Qxd5 8. Bxc7 Nc6 9. e3 Bf5 10. Qa4 Qd7 11. Bg3 Nxd4 12. Qxd7 Nxf3+ 13. gxf3 Bxd7 14. 0-0-0 Ba4 15. b3 Rfc8+ 16. Kb1 Bc6 17. e4 b5 18. Bd3 a5 19. a3 Bd7 20. Rc1 Bc3 21. Rhd1 Ra7 22. Bxb5 Bxb5 23. Rxc3 Rxc3 24. Rd8+ Kg7 25. Be5+ f6 26. Bxc3 a4 27. b4 Rd7 28. Rxd7 Bxd7 29. Kc2 Bb5 30. Kd2 e5 31. f4 exf4 32. e5 fxe5 33. Bxe5+ Kf7 34. Kc3 Ke6 35. Kd4 g5 36. Kc5 Bd3 37. Bg7 g4 38. Bh6 g3 39. hxg3 fxg3 40. fxg3 Kd7 41. Kb6 Kc8 42. Bf4 h5 43. b5 1/2-1/2

[Event "BL2-West 1314"]
[Site "Germany"]
[Date "2014.02.10"]
[Round "6.7"]
[White "Peelen, Piet"]
[Black "Nagel, Bernhard"]
[Result "1-0"]
[WhiteElo "2341"]
[BlackElo "2216"]
[PlyCount "107"]
[EventDate "2013.10.13"]
[EventType "team-tourn"]
[EventRounds "9"]
[EventCountry "GER"]
[SourceTitle "EXT 2015"]
[Source "ChessBase"]
[SourceDate "2014.11.20"]
[SourceVersion "1"]
[SourceVersionDate "2014.11.20"]
[SourceQuality "1"]
[WhiteTeam "Bochum SV 02"]
[BlackTeam "Wiesbaden"]
[WhiteTeamCountry "GER"]
[BlackTeamCountry "GER"]

1. d4 Nf6 2. c4 e6 3. g3 d5 4. Nf3 Bb4+ 5. Bd2 Be7 6. Bg2 c6 7. Qc2 0-0 8. 0-0 b6 9. Rd1 Ba6 10. b3 Nbd7 11. Bf4 Nh5 12. Bc1 Nhf6 13. Bf4 Nh5 14. Bc1 Nhf6 15. Nbd2 Rc8 16. e4 dxe4 17. Nxe4 b5 18. Ne5 Bb7 19. Bf4 Nxe4 20. Bxe4 f5 21. Bg2 Nxe5 22. Bxe5 Qd7 23. a4 a6 24. Qe2 Rfe8 25. Rd3 Bb4 26. c5 bxa4 27. Rxa4 a5 28. Re3 Ra8 29. Qf3 Rac8 30. Qe2 Ra8 31. Qf3 Rac8 32. Bf1 Ra8 33. Bd6 Ba6 34. Bxa6 Rxa6 35. Ra2 g6 36. Qe2 Raa8 37. Qc4 Kf7 38. Qc1 Rg8 39. Re5 g5 40. Rae2 Rae8 41. Qc4 Kf6 42. Qd3 Rg6 43. R2e3 Kf7 44. Qe2 Rh6 45. Kg2 Rg6 46. h3 Rh6 47. Rf3 Rf6 48. g4 h6 49. gxf5 exf5 50. Rxe8 Qxe8 51. Re3 Qd8 52. Qh5+ Rg6 53. Re7+ Kf6 54. Qe2 1-0

[Event "BL2-West 1314"]
[Site "Germany"]
[Date "2014.01.19"]
[Round "5.7"]
[White "Berndt, Axel"]
[Black "Peelen, Piet"]
[Result "1/2-1/2"]
[WhiteElo "2217"]
[BlackElo "2341"]
[PlyCount "29"]
[EventDate "2013.10.13"]
[EventType "team-tourn"]
[EventRounds "9"]
[EventCountry "GER"]
[SourceTitle "EXT 2015"]
[Source "ChessBase"]
[SourceDate "2014.11.20"]
[SourceVersion "1"]
[SourceVersionDate "2014.11.20"]
[SourceQuality "1"]
[WhiteTeam "Duesseldorf"]
[BlackTeam "Bochum SV 02"]
[WhiteTeamCountry "GER"]
[BlackTeamCountry "GER"]

1. e4 c6 2. d4 d5 3. exd5 cxd5 4. c4 Nf6 5. Nc3 e6 6. Nf3 Bb4 7. cxd5 Nxd5 8. Bd2 Nc6 9. Bd3 Be7 10. 0-0 0-0 11. Re1 Bf6 12. Ne4 Bxd4 13. Neg5 g6 14. Nxd4 Nxd4 15. Qa4 1/2-1/2

[Event "Remco Heite rap op"]
[Site "Wolvega"]
[Date "2012.11.18"]
[Round "5"]
[White "Peelen, Piet"]
[Black "L'Ami, Erwin"]
[Result "0-1"]
[WhiteElo "2361"]
[BlackElo "2629"]
[PlyCount "84"]
[EventDate "2012.11.17"]
[EventType "swiss"]
[EventRounds "9"]
[EventCountry "NED"]
[SourceTitle "EXT 2013"]
[Source "ChessBase"]
[SourceDate "2012.11.22"]
[SourceVersion "1"]
[SourceVersionDate "2012.11.22"]
[SourceQuality "1"]

1. d4 Nf6 2. Nf3 e6 3. g3 b6 4. Bg2 Bb7 5. 0-0 c5 6. c4 cxd4 7. Qxd4 Nc6 8. Qf4 Ne7 9. Nc3 Ng6 10. Qd4 Bc5 11. Qd3 0-0 12. Bg5 Bc6 13. b3 h6 14. Bxf6 Qxf6 15. Ne4 Qe7 16. Nd4 Rad8 17. Nxc5 Bxg2 18. Kxg2 bxc5 19. Nf3 d6 20. Rfd1 Qb7 21. Kg1 Rd7 22. Rd2 Rfd8 23. Rad1 a5 24. h4 Ne7 25. Qc3 Nc6 26. a3 a4 27. bxa4 Qa6 28. Qc2 Na5 29. Ne5 Rb7 30. Qe4 Rb6 31. Qf4 Qb7 32. Nd3 Nb3 33. a5 Nxd2 34. axb6 Nb3 35. Rb1 Nd4 36. Qe3 Ra8 37. Nf4 Ra6 38. Qd3 Rxb6 39. Rxb6 Qxb6 40. e3 Nf3+ 41. Kf1 Ne5 42. Qc2 Qa6 0-1

[Event "BL2-West 1112"]
[Site "Germany"]
[Date "2012.03.18"]
[Round "8.4"]
[White "Buchenau, Frank"]
[Black "Peelen, Piet"]
[Result "0-1"]
[WhiteElo "2261"]
[BlackElo "2354"]
[PlyCount "144"]
[EventDate "2011.10.02"]
[EventType "team-tourn"]
[EventRounds "9"]
[EventCountry "GER"]
[SourceTitle "EXT 2015"]
[Source "ChessBase"]
[SourceDate "2014.11.20"]
[SourceVersion "1"]
[SourceVersionDate "2014.11.20"]
[SourceQuality "1"]
[WhiteTeam "Goettingen Tempo"]
[BlackTeam "Bochum"]
[WhiteTeamCountry "GER"]
[BlackTeamCountry "GER"]

1. e4 c6 2. d4 d5 3. exd5 cxd5 4. Bd3 Nc6 5. c3 Nf6 6. Bf4 Bg4 7. Qb3 Qd7 8. Nd2 e6 9. Ngf3 Bxf3 10. Nxf3 Bd6 11. Bxd6 Qxd6 12. Qc2 0-0 13. Qe2 a6 14. Ne5 Nd7 15. f4 f6 16. Qh5 f5 17. Nxd7 Qxd7 18. 0-0 Rf6 19. Rae1 Nd8 20. Qe2 Nf7 21. g4 fxg4 22. f5 Re8 23. Qxg4 e5 24. dxe5 Rg6 25. Qxg6 hxg6 26. e6 Qc8 27. exf7+ Kxf7 28. fxg6+ Kg8 29. Bf5 Qc5+ 30. Kg2 Qc6 31. Kg3 Rxe1 32. Rxe1 Kf8 33. Be6 Qc7+ 34. Kg2 Ke7 35. Bxd5+ Kf6 36. Re6+ Kg5 37. c4 Qa5 38. Kg3 Qxa2 39. Rb6 Qb1 40. h4+ Kh6 41. Rxb7 Qd3+ 42. Kf4 Qd4+ 43. Kf5 Qf6+ 44. Ke4 Qxh4+ 45. Kd3 Qg3+ 46. Kd4 Qf2+ 47. Kc3 Kxg6 48. Kb3 Kh6 49. Ka4 g5 50. Ka5 g4 51. Kxa6 g3 52. Rb8 Kh7 53. Rg8 Qc5 54. Rg4 Kh6 55. Kb7 Qe7+ 56. Kc6 Qf6+ 57. Kc5 Qxb2 58. Rg8 Kh7 59. Kc6 Qf6+ 60. Kb5 Qb2+ 61. Kc6 Qf6+ 62. Kb5 Qe5 63. Rg4 Qb8+ 64. Ka5 Qc8 65. Rh4+ Kg6 66. Rh1 Qc5+ 67. Ka4 g2 68. Bxg2 Qxc4+ 69. Ka3 Qc3+ 70. Ka4 Qc2+ 71. Kb4 Qxg2 72. Rc1 Qb2+ 0-1